000 00437nam a2200181Ia 4500
005 20250508155246.0
008 008 250505s9999 xx 000 0 eng d
037 _aTextual
040 _aFEDL
_beng
_cFEDL
041 _aeng
_2eng
084 _aB, GAN
_qFEDL
100 _aJohn S Hoyland
_9766810
245 0 _aThey Sain Gandhi
260 _c1954
300 _a80p
942 _cTEXL
_hB, GAN
999 _c1355569
_d1355569